[Event "AUT-chT2M 1516"]
[Site "Austria"]
[Date "2015.10.03"]
[Round "2.1"]
[White "Schoenangerer, Herbert"]
[Black "Endtmayer, Bernhard"]
[Result "1-0"]
[WhiteElo "2039"]
[BlackElo "1941"]
[PlyCount "45"]
[EventDate "2015.10.02"]
[EventType "team-tourn"]
[EventRounds "11"]
[EventCountry "AUT"]
[SourceTitle "CBM 168 Extra"]
[Source "ChessBase"]
[SourceDate "2015.10.29"]
[SourceVersion "1"]
[SourceVersionDate "2015.10.29"]
[SourceQuality "1"]
[WhiteTeam "Wolfsberg"]
[BlackTeam "Sauwald II"]
[WhiteTeamCountry "AUT"]
[BlackTeamCountry "AUT"]

1. e4 d5 2. Nc3 d4 3. Nce2 e5 4. d3 Bd6 5. g3 c5 6. Bg2 Nc6 7. f4 f6 8. Nf3 Bd7 9. Bd2 Nge7 10. 0-0 Qc7 11. Rc1 exf4 12. Nxf4 Ne5 13. c3 Qb6 14. cxd4 cxd4 15. Nxe5 Bxe5 16. b4 Qa6 17. Qb3 Bxf4 18. Bxf4 Ng6 19. Qd5 Nxf4 20. gxf4 Qb6 21. e5 Rb8 22. Rfe1 f5 23. e6 1-0

[Event "Latschach op 30th"]
[Site "Latschach"]
[Date "2014.08.09"]
[Round "1"]
[White "Endtmayer, Bernhard"]
[Black "Roth, Peter"]
[Result "1/2-1/2"]
[WhiteElo "1844"]
[BlackElo "2163"]
[PlyCount "78"]
[EventDate "2014.08.09"]
[EventType "swiss"]
[EventRounds "9"]
[EventCountry "AUT"]
[SourceTitle "CBM 161 Extra"]
[Source "ChessBase"]
[SourceDate "2014.08.29"]
[SourceVersion "1"]
[SourceVersionDate "2014.08.29"]
[SourceQuality "1"]

1. e4 e6 2. d4 d5 3. exd5 exd5 4. Nf3 Bg4 5. Be2 Nc6 6. Be3 Bd6 7. 0-0 Nge7 8. Nbd2 Qd7 9. Re1 0-0-0 10. c3 f5 11. Nb3 f4 12. Bd2 Rdf8 13. Ne5 Bxe2 14. Qxe2 Bxe5 15. dxe5 f3 16. gxf3 Qh3 17. f4 Ng6 18. Qf1 Nxf4 19. Bxf4 Qxf1+ 20. Kxf1 Rxf4 21. Rad1 Rhf8 22. Rd2 b6 23. Nc1 R8f5 24. Nd3 Re4 25. e6 Ne7 26. Rde2 Rxe2 27. Rxe2 c5 28. Ne5 Kc7 29. Kg2 Rf6 30. Nf7 Kc6 31. a4 b5 32. Ne5+ Kc7 33. Nd7 Rg6+ 34. Kf3 bxa4 35. Nxc5 Kd6 36. Nxa4 Rf6+ 37. Kg3 Rg6+ 38. Kf4 Rf6+ 39. Kg4 Rg6+ 1/2-1/2